| 000 | 00463nam a2200169 a 4500 | ||
|---|---|---|---|
| 005 | 20140412111317.0 | ||
| 008 | 030404s19uu xx 00 eng d | ||
| 020 | _a0-316-11953-9 | ||
| 050 |
_aER _bAr77 1999 |
||
| 100 | _aBrown, Marc | ||
| 245 |
_aArthur's chicken pox / _cMarc Brown. |
||
| 260 |
_aBoston : _bLittle, Brown and Company, _c1999. |
||
| 300 | _a1 v. (unp.) ; ill. | ||
| 650 | _aSickness--Fiction | ||
| 650 | _aChildren stories | ||
| 999 |
_c104280 _d104280 |
||